000 00292 a2200121 4500
000 nam a22 7a 4500
005 20260312101929.0
100 _aMoore, Elaine A
_9898922
245 _aSolid state chemistry: An introduction
250 _a6th
260 _bCRC Press
_c2025
942 _cAUD
999 _c1715171
_d1715171